000 00320nam a2200133Ia 4500
005 20260328101440.0
008 260328s9999||||xx |||||||||||||| ||und||
100 _ade la Croix, Host
245 0 _aArt Through the Ages /
_cHost de la Croix
260 _bHarcourt Brace
300 _a959 p.
650 _aARTE
942 _cBK
999 _c8249
_d8249